=LDR 00000nam 2200000 4500 =001 000616 =005 20250712030534 =035 ##$$a 0010-0725000484 =007 ta =008 250712################a##########0#ind## =020 ##$$a 978-623-307-221-2 =100 #$$a Oktavia, Wenny =245 1#$$a Si Boke : $b Rajin Membawa Berkah /$c Wenny Oktavia =250 ##$$a Cetakan Kedua =260 ##$$a Jakarta Timur :$b Badan Pengembangan dan Pembinaan Bahasa,$c 2020 =300 ##$$a 28 hlm : $b ilus. ; $c 21 x 29,7 cm =650 #4$$a Literasi-Bahan Bacaan =600 #4$$a Komik-Indonesia =856 ##$$a TBM AS SUHADA =082 ##$$a 398.209 589 =084 ##$$a 398.209 589 OKT s =990 ##$$a TBM202400380